1531 1682 1448 1968 1922 1221 1327 1995 1968 1811 1111 1591 1649 1042 1504 1777 1315 1411 1451 1444 1080 1227 1368 1818 1381 1145 1090 1920 1405 1824 1661 1943 1059 1739 1733 1884 1849 1219 1332 1553 1666 1206 1435 1494 1087 1749 1918 1725 1045 1488 1647 1591 1482 1713 1849 1527 1965 1269 1859 1239 1081 1695 1679 1977 1884 1502 1836 1026 1905 1131 1005 1266 1392 1369 1298 1196 1595 1378 1312 1998 1820 1726 1594 1974 1492 1250 1765 1468 1051 1406 1445 1729 1495 1313 1463 1001 1811 1939 1480 BCNSPRNW ULIB Ver.6.0+V

เปลี่ยนเป็นภาษาไทย

Change to English
 แสดงรายละเอียดบรรณานุกรม
  กลับหน้าหลัก

Brief Record : Get Marc (ISO 2709) : E-mail record : QR code < ปิดหน้าต่าง
LEADER : 00000nam 2200000uu 4500
001    13399125166
003     ULIB
008    161026s2559||||th 000 0 tha d
020    ^a9786163956422
050  4 ^aDS578.32.T43^bก443บ
245 00 ^aบันทึกประวัติศาสตร์ ปั่นเพื่อพ่อเฉลิมพระเกียรติ 88 พรรษา ทวยราษฎร์จงรักล้ำปิตุรงค์ /^cกระทรวงศึกษาธิการ
250    ^aพิมพ์ครั้งที่ 1
260    ^aกรุงเทพฯ :^bบริษัทอมรินทร์พริ้นติ้งแอนด์พับลิชชิ่ง จำกัด (มหาชน),^c2559
300    ^a499หน้า :^bภาพประกอบสี ;^c30 ซม.
945    ^p0^l0^i001418
999    ^aณรีรัตน์
รายการนี้ยังไม่มีแท็ก
คุณยังไม่ได้ล็อกอิน คุณสามารถมีกิจกรรมร่วมกับเว็บไซต์ได้ แต่ต้องล็อกอินก่อน ::
  ล็อกอิน

รายการสื่อสารสนเทศ

ลำดับที่ ประเภท เลขเรียก/บาร์โค้ด สถานที่ สถานะ
1. การศึกษาทั่วไป
การศึกษาทั่วไป
DS578.32.T43 ก443บ ฉ.1 
  Barcode: 001418
ห้องสมุดวิทยาเขตสวรรค์ประชารักษ์
►หนังสือทั่วไป
บนชั้น

BibComment


ยังไม่เคยถูกคอมเมนท์

คอมเมนท์ทรัพยากรรายการนี้
  คอมเมนท์: บันทึกประวัติศาส..


 Copyright 2026. Bcnsprnw @Library